2016 Chicago Cubs Roster - Statistics

General Stats
  • This quiz has been taken 470 times
  • The average score is 7 of 21
Answer Stats
# Answer % Correct
44 Anthony Rizzo
96%
17 Kris Bryant
92%
34 Jon Lester
60%
12 Kyle Schwarber
54%
9 Javier Baez
43%
3 David Ross
39%
41 John Lackey
35%
18 Ben Zobrist
32%
22 Jason Heyward
32%
47 Miguel Montero
29%
28 Kyle Hendricks
25%
68 Jorge Soler
20%
56 Hector Rondon
18%
46 PedroStrop
18%
39 Jason Hammel
16%
2 Tommy La Stella
15%
52 Justin Grimm
11%
37 Travis Wood
11%
20 Matt Szczur
6%
49 Jake Arreita
4%
43 Adam Warren
3%
No matching quizzes found
Score Distribution
Percent of People with Each Score
Percentile by Number Answered
Your Score History
You have not taken this quiz